Score 0/12 Timer 01:30
1 Play Today
Hint 4-Letter Word % Correct
There's no place like ____HOME
99.4%
The sport of Tiger WoodsGOLF
98.2%
Howling canine speciesWOLF
96.7%
● This caused people to rush to the Klondike ●● GOLD ●
94.1%
To discover or locate somethingFIND
93.9%
Something that one digsHOLE
93%
Bend something onto itselfFOLD
88.7%
Like some farewellsFOND
85.9%
Nigerian playwright SoyinkaWOLE
85.5%
Good or benevolentKIND
80.7%
● Alaskan city where the Iditarod ends ●● NOME ●
73.4%
● Alaskan state fish, ____ salmon ●● KING ●
67.4%

Today's Daily Dose

Missing Word
'M' in Video Games

Word Ladder
In My Element

Get the Picture
An 'F' in Disney

Remove Ads.
Support Sporcle.
Get the best of Sporcle when you Go Orange. This ad-free experience offers more features, more stats, and more fun while also helping to support Sporcle. Thank you for becoming a member.

You're not logged in!

Compare scores with friends on all Sporcle quizzes.
OR
Log In

Show Comments

Extras

Top Quizzes Today


Score Distribution

Your Account Isn't Verified!

In order to create a playlist on Sporcle, you need to verify the email address you used during registration. Go to your Sporcle Settings to finish the process.

Report this User

Report this user for behavior that violates our Community Guidelines.

Details: